Statistiche per Squadre state in Serie A che iniziano con la S

Clicka qui per fare il quiz!

Statistiche generali

  • Questo quiz è stato fatto 8 volte
  • Il punteggio medio è 5 su 7

Statistiche sulle risposte

Stagioni in Serie AUltima stagione in Serie ASquadra% Corretto
52023-2024Salernitana
86%
662022-2023Sampdoria
86%
112023-2024Sassuolo
86%
92012-2013Siena
86%
192019-2020SPAL
71%
32022-2023Spezia
71%
81942-1943Sampierdarenese
14%

Distribuzione punteggi

Percentile per numero di risposta

Percentuale di utenti per punteggio

I tuoi punteggi nel tempo

Non hai fatto questo quiz